=LDR 00000nam 2200000 4500 =001 INLIS000000000000820 =005 20130612085238 =008 ***********************************Ind** =035 ##$$0010-061300000000820 =041 ##$$a Ind =082 ##$$a 92(Sriada) =090 ##$$a 92(Sriada), Mul-i =100 ##$$a Mulyono =245 ##$$a I Made Siada, hasil karya dan pengabdiannya, Mulyono; penyunting P Wayong =260 ##$$a 1983 $b Jakarta =300 ##$$a 95 hlm, 21 cm =650 ##$$a Sriada, I Made, 1877-1947 =700 ##$$a Wayong =850 ##$$a NBPNMAT